| 000 | 00462cam a22001457a 4500 | ||
|---|---|---|---|
| 008 | 180718b1984 xxu||||| |||| 00| 0 eng d | ||
| 082 | _aAPPPA 83-84 SHI | ||
| 100 | _aSingh, Shivraj | ||
| 245 |
_aFinancial resources of panchayats West-Bengal experience _cby Shivraj Singh |
||
| 260 |
_aNew Delhi _bIndian Institute of Public Administration _c1984 |
||
| 300 | _a106p. | ||
| 650 | _aWest-Bengal experience | ||
| 650 | _aPanchayats | ||
| 650 | _aFinancial resources | ||
| 999 |
_c501357 _d501357 |
||